| 000 | 00520nam a22001817a 4500 | ||
|---|---|---|---|
| 003 | CEME | ||
| 005 | 20210628210211.0 | ||
| 008 | 210215b xxu||||| |||| 00| 0 eng d | ||
| 020 | _a0-306-46296-6 | ||
| 040 | _c. | ||
| 082 | _a621.382 BAH | ||
| 100 |
_aBahai, Ahmed R. Saltzberg, Burton.R _978489 |
||
| 245 | _aMulti carrier digital communications theory and applications of ofdm | ||
| 260 |
_aNEW YORK _bKLUWER ACEDEMIC _c1999 |
||
| 300 | _a220P | ||
| 650 |
_aDIGITAL COMMUNICATIONS OFDM _978490 |
||
| 942 |
_cBK _2ddc |
||
| 999 |
_c583603 _d583603 |
||